|
|
|
|
| LEADER |
00000nam0a2200000 4500 |
| 001 |
280059 |
| 005 |
20231101235253.0 |
| 020 |
|
|
|a RU
|b 86-61093
|
| 035 |
|
|
|a (RuTPU)RU\TPU\book\303368
|
| 090 |
|
|
|a 280059
|
| 100 |
|
|
|a 20141225d1986 k y0rusy5003 ca
|
| 101 |
0 |
|
|a rus
|
| 102 |
|
|
|a RU
|
| 105 |
|
|
|a a z 001zy
|
| 200 |
1 |
|
|a Качество связи: теория и практика
|f Н. М. Губин, Г. М. Матлин
|
| 210 |
|
|
|a Москва
|c Радио и связь
|d 1986
|
| 215 |
|
|
|a 272 с.
|c ил.
|
| 320 |
|
|
|a Библиогр.: с. 269 (10 назв.)
|
| 320 |
|
|
|a Предм. указ.: с. 270
|
| 606 |
1 |
|
|a Связь предприятия
|x Качество продукции
|x Управление
|2 stltpush
|3 (RuTPU)RU\TPU\subj\54298
|9 72455
|
| 610 |
1 |
|
|a телефонная связь
|
| 610 |
1 |
|
|a эксплуатация
|
| 610 |
1 |
|
|a радиосвязь
|
| 610 |
1 |
|
|a информация
|
| 610 |
1 |
|
|a информация
|
| 610 |
1 |
|
|a телевидение
|
| 610 |
1 |
|
|a стандарты
|
| 610 |
1 |
|
|a производственная связь
|
| 675 |
|
|
|a 654:658
|v 3
|
| 700 |
|
1 |
|a Губин
|b Н. М.
|g Николай Михайлович
|
| 701 |
|
1 |
|a Матлин
|b Г. М.
|g Григорий Михайлович
|
| 801 |
|
0 |
|a RU
|b RuMRKP
|c 19950704
|g psbo
|
| 801 |
|
1 |
|a RU
|b 63413507
|c 20141225
|
| 801 |
|
2 |
|a RU
|b 63413507
|c 20170426
|g RCR
|
| 942 |
|
|
|c BK
|